Broken - Isak Danielson - All Lyrics - Statistics

General Stats
  • This quiz has been taken 39 times
  • The average score is 256 of 280
Answer Stats
Answer % Correct
a
100%
and
100%
Are
100%
are
100%
be?
100%
broken
100%
But
100%
on
100%
on?
100%
(Ooh,
100%
ooh,
100%
ooh)
100%
the
100%
to
100%
will
100%
Will
100%
you
100%
You
100%
your
100%
asking
95%
Asking
95%
crying,
95%
crying
95%
Do
95%
do
95%
for
95%
he
95%
He
95%
him
95%
lying,
95%
lying
95%
more
95%
more,
95%
one
95%
same
95%
so
95%
still
95%
Still
95%
what
95%
who
95%
all
90%
before
90%
change
90%
come?
90%
done
90%
else
90%
find
90%
floor
90%
floor,
90%
has
90%
help,
90%
leave,
90%
leave
90%
need,
90%
need
90%
someone?
90%
someone
90%
that
90%
then
90%
this
90%
you're
90%
yourself,
90%
have
85%
Is
85%
keep
85%
of
85%
or
85%
scared
85%
searching
85%
what's
85%
carry
80%
don't
80%
he'll
80%
If
80%
look
80%
memory
80%
next
80%
let
75%
little
75%
love
75%
take
75%
time,
75%
anymore?
70%
anymore
70%
from
70%
hurt,
70%
hurt
70%
see
65%
strong?
65%
With
60%
deep?
50%
cut
40%
night
40%
long,
35%
made
35%
No matching quizzes found
Score Distribution
Percent of People with Each Score
Percentile by Number Answered
Your Score History
You have not taken this quiz